Imágenes de Satélite #6 - Estadísticas

Estadísticas generales
  • Esta prueba ha sido intentada 1.736 veces
  • La puntuación promedio es 8 de 16
Estadísticas de respuestas
Imagen Hint Respuesta % Correcto
estructura Coliseo
92%
país Catar
72%
cuerpo de agua Mar {Adriático}
72%
cuerpo de agua Estrecho de {Bering}
67%
país Bangladés
57%
ciudad Estambul
57%
país Bahamas
54%
país Suiza
54%
país Singapur
52%
península Indochina
45%
cuerpo de agua Mar de la {China} {Meridional}
42%
isla Java
40%
cuerpo de agua Mar de {Aral}
40%
estructura Gran Pirámide
21%
cuerpo de agua Río de la Plata
19%
delta de un río Perla
7%
No se encontraron pruebas coincidentes
Distribución de puntuación
Porcentaje de gente con cada puntuación
Porcentaje por número respondido
Historial de tus puntuaciones
No has intentado esta prueba.